Factors Influencing Firm Growth - Theoretical and Empirical Overview

Charakteristika firiem sa v každej zemepisnej oblasti líši. Sú jedinečné a fungujú v jedinečných sociálno-ekonomických podmienkach. Analýza interných a vonkajších environmentálnych faktorov ktoré ovplyvňujú rast firmy.

Gespeichert in:
Bibliographische Detailangaben
1. Verfasser: Jančovičová Bognárová, Kristína, 1979-
Weitere Verfasser: Hocman, František, 1983-
Format: Buchkapitel
Sprache:Englisch
Schlagworte:
Tags: Tag hinzufügen
Keine Tags, Fügen Sie das erste Tag hinzu!

MARC

LEADER 00000naa a2200000 4500
001 0248184
005 20240502073953.6
041 0 |a eng 
044 |a SK 
245 1 0 |a Factors Influencing Firm Growth - Theoretical and Empirical Overview  |c Kristína Jančovičová Bognárová, František Hocman 
520 |a Charakteristika firiem sa v každej zemepisnej oblasti líši. Sú jedinečné a fungujú v jedinečných sociálno-ekonomických podmienkach. Analýza interných a vonkajších environmentálnych faktorov ktoré ovplyvňujú rast firmy. 
610 2 0 |a rast podniku 
610 2 0 |a firmy 
610 2 0 |a faktory produktivity práce 
610 2 0 |a faktory výrobné 
610 2 0 |a ukazovatele ekonomické 
610 2 0 |a ukazovatele sociálno-ekonomické 
100 1 |a Jančovičová Bognárová, Kristína, 1979- 
700 1 |a Hocman, František, 1983-